|
|
|
|
| LEADER |
00000cam a2200000 7i4500 |
| 001 |
0000012649 |
| 005 |
20071227.0 |
| 008 |
071227 |
| 020 |
|
|
|a 9830462579
|
| 090 |
0 |
0 |
|a 297.61092
|b MUH
|
| 100 |
1 |
|
|a Muhammad Zaini Yahya
|
| 245 |
1 |
0 |
|a Kisah pengembaraan Imam Syafie
|c Muhammad Zaini Yahya
|
| 260 |
|
|
|a Kuala Lumpur :
|b Darul Numan ,
|c 2000
|
| 650 |
|
0 |
|a Imam (Shiites)
|x Biography
|
| 650 |
|
0 |
|a Imam (Shiites)
|x history
|
| 999 |
|
|
|a 0000796256
|b Book
|c Adult Collection
|e Cawangan Segamat
|
| 999 |
|
|
|a 0000798028
|b Book
|c Adult Collection
|e Cawangan Pontian
|
| 999 |
|
|
|a 0000811056
|b Book
|c Adult Collection
|e Cawangan Bandar Penawar
|
| 999 |
|
|
|a 0000816340
|b Book
|c Adult Collection
|e Cawangan Mersing
|
| 999 |
|
|
|a 0001005067
|b Book
|c Adult Collection
|e Desa - PPAJ
|
| 999 |
|
|
|a 0001008087
|b Book
|c Adult Collection
|e Desa - PPAJ
|
| 999 |
|
|
|a 0001008089
|b Book
|c Adult Collection
|e Cawangan Urban Transformation Centre
|
| 999 |
|
|
|a 0001008623
|b Book
|c Adult Collection
|e Perbadanan Perpustakaan Awam Johor
|
| 999 |
|
|
|a 0001008624
|b Book
|c Adult Collection
|e Perbadanan Perpustakaan Awam Johor
|